| 000 | 01135nam a22002537a 4500 | ||
|---|---|---|---|
| 003 | OSt | ||
| 005 | 20250911170228.0 | ||
| 008 | 240223b ||||| |||| 00| 0 eng d | ||
| 040 | _c0 | ||
| 082 | _aDPer 621.317 Ie21 May 2022 v. 37 n. 5 | ||
| 100 |
_aLi, Haoran. _eauthor. _953228 |
||
| 245 |
_aA bidirectional synchronous/asynchronous rectifier control for wide battery voltage range in SiC bidirectional LLC chargers / _cHaoran Li, Shengdong Wang, Zhiliang Zhang, Jingfei Zhang, Wenjie Zhu, Xiaoyong Ren, and Cungang Hu. |
||
| 260 |
_aNew York ; _bThe Institute of Electrical and Electronics Engineers, Inc. , _cMay 2022. |
||
| 300 |
_aVolume 37, pages 6090-6101 : _billustration ; _c28 cm. |
||
| 500 | _aIEEE Transactions on Power Electronics, vol. 37, no. 5, pages 6090-6101, May 2022. | ||
| 700 |
_aLi, Haoran. _eauthor. _953228 |
||
| 700 |
_aWang, Shengdong. _eauthor. _953229 |
||
| 700 |
_aZhang, Zhiliang. _eauthor. _953230 |
||
| 700 |
_aZhang, Jingfei. _eauthor. _953231 |
||
| 700 |
_aZhu, Wenjie. _eauthor. _953232 |
||
| 700 |
_aRen, Xiaoyong. _eauthor. _953233 |
||
| 700 |
_aHu, Cungang. _eauthor. _953234 |
||
| 942 |
_2ddc _cPER |
||
| 999 |
_c19334 _d19334 |
||